Statistics for Who, Where, When, What?

Click here to take the quiz!

General Stats

  • This quiz has been taken 68 times
  • The average score is 16 of 22

Answer Stats

Who?Where?When?What?Last Name% Correct
NielMoon1961A FlagArmstrong
100%
AbrahamWashington, D.C.1865Ford's TheatreLincoln
98%
RosaAlabama1955BusParks
97%
AnneAmsterdam1942DiaryFrank
95%
ChristopherAtlantic Ocean1492The Santa MariaColumbus
94%
JuliusRome44 BCDaggerCaesar
91%
WhitneyLos Angeles2012BathtubHouston
89%
SteveCupertino1976AppleJobs
89%
BillWashington, D.C.1998Blue DressClinton
86%
JanisBethel, NY1969Music FestivalJoplin
83%
JohnNew York City1980AutographLennon
83%
JohnDallas1963MotorcadeKennedy
80%
RichardWashington, D.C.1972A break inNixon
80%
TaylorNew York City2009MicrophoneSwift
70%
DianaParis1997Car AccidentSpencer
55%
JessieNazi Germany1936OlympicsOwens
52%
JoanneEdinburgh1997Philosopher's StoneRowling
47%
HarrietMaryland1849RailroadTubman
47%
GeorgeKinshasa1974RumbleForeman
44%
DavidKingdom of Kazembe / Zambia1873ExpeditionLivingstone
44%
LeonardoItaly1506PortraitDiVinci
26%
MalalaPakistan2012TalibanYousafzai
9%

Score Distribution

Percentile by Number Answered

Percent of People with Each Score

Your Score History

You have not taken this quiz